| 000 | 00622nam a2200205Ia 4500 | ||
|---|---|---|---|
| 999 |
_c48561 _d48561 |
||
| 001 | 15458 | ||
| 003 | GE_BSU | ||
| 005 | 20230309101057.0 | ||
| 008 | 181216s1980||||ge |||||||||||||| ||geo|| | ||
| 040 | _cGE_BSU | ||
| 041 | _ageo | ||
| 080 | _a821.353.1-31 ჩ-96 | ||
| 100 |
_aჩხეიძე, ოთარ _916141 |
||
| 245 |
_aცხრაწყარო _b[რომანი] / _cოთარ ჩხეიძე. |
||
| 264 |
_aთბილისი : _bმერანი, _c1980. |
||
| 300 |
_a317გვ.; _b17 სმ. |
||
| 653 | _aრომანი | ||
| 653 | _aცხრაწყარო | ||
| 942 |
_cBK _2udc |
||